LEADER 00992nam0-2200325---450- 001 990009401510403321 005 20110914103709.0 035 $a000940151 035 $aFED01000940151 035 $a(Aleph)000940151FED01 035 $a000940151 100 $a20110720d1961----km-y0itay50------ba 101 0 $aeng 102 $aUS 105 $aa-------001yy 200 1 $a<>stereotaxic atlas of the monkey brain (Macaca mulatta)$fRay S. Snider [and] John C. Lee 210 $a[Chicago]$cUniversity of Chicago press$d1961 215 $a1 v. (paginaz. varia)$cill.$d30 cm 610 0 $aCervello$aAtlanti 610 0 $aScimmie$aAnatomie 676 $a599.82 700 1$aSnider,$bRay S.$g$0512126 701 1$aLee,$bJohn C.$0512127 801 0$aIT$bUNINA$gRICA$2UNIMARC 901 $aBK 912 $a990009401510403321 952 $aIIIc C 180$bs.i.$fDMVSF 959 $aDMVSF 996 $aStereotaxic atlas of the monkey brain (Macaca mulatta$9764975 997 $aUNINA LEADER 02862nam a2200469 i 4500 001 991000193339707536 005 20020506110641.0 008 940108s1988 us ||| | eng 020 $a0138203415 (v.2) 020 $a0138234698 (v.1) 035 $ab10043184-39ule_inst 035 $aLE02614768$9ExL 040 $aDip.to Ingegneria dell'Innovazione$bita 082 0 $a004.11 100 1 $aFox, Geoffrey C.$055685 245 10$aSolving problems on concurrent processors 260 $aEnglewood Cliffs (N.J.) :$bPrentice Hall,$cc 1988 300 $a2 v. (xv, 592 p.) (x, 8T, 805 p.) ;$c24 cm 490 0 $aPrentice Hall international editions 500 $aIndice : v.1 General techniques and regular problems / Geoffrey C. Fox [et al.]; v.2 Software for concurrent processor / Ian G. Angus [et al.] 650 4$aSuperelaboratori digitali 700 1 $aJohnson, Mark A. 700 1 $aLyzenga, Gregory A. 700 1 $aOtto, Steve W. 700 1 $aSalmon, John K. 700 1 $aWalker, David W. 700 1 $aAngus, Ian G. 700 1 $aKim, Jai Sam 740 0 $aGeneral techniques and regular problems 740 0 $aSoftware for concurrent processors 907 $a.b10043184$b17-02-17$c31-05-02 912 $a991000193339707536 945 $aLE026 004.11 FOX 01.01 V.I C.1 1988$cV.I - C.1$g0$i2026000005683$lle026$mTesto collocato sopra gli scaffali della SEZIONE-INFORMATICA$o-$pE0.00$q-$rl$ss $t4$u1$v0$w1$x0$y.i10050528$z31-05-02 945 $aLE026 004.11 FOX 01.01 V.I C.2 1988$cV.I - C.2 $g0$i2026000005690$lle026$mTesto collocato sopra gli scaffali della SEZIONE-INFORMATICA$o-$pE0.00$q-$rl$ss $t4$u0$v0$w0$x0$y.i1005053x$z31-05-02 945 $aLE026 004.11 FOX 01.01 V.I C.3 1988$cV.I - C.3$g0$i2026000005706$lle026$mTesto collocato sopra gli scaffali della SEZIONE-INFORMATICA$o-$pE0.00$q-$rl$ss $t4$u1$v4$w1$x0$y.i10050541$z31-05-02 945 $aLE026 004.11 FOX 01.01 V.I C.4 1988$cV.I - C.4$g0$i2026000005713$lle026$mTesto collocato sopra gli scaffali della SEZIONE-INFORMATICA$o-$pE0.00$q-$rl$ss $t4$u0$v0$w0$x0$y.i10050553$z31-05-02 945 $aLE026 004.11 FOX 01.01 V.II C.1 1990$cV.II - C.1$g1$i2026000005720$lle026$mTesto collocato sopra gli scaffali della SEZIONE-INFORMATICA$o-$pE0.00$q-$rl$ss $t4$u0$v0$w0$x0$y.i10050565$z31-05-02 945 $aLE026 004.11 FOX 01.01 V.II C.2 1990$cV.II - C.2$g0$i2026000005737$lle026$mTesto collocato sopra gli scaffali della SEZIONE-INFORMATICA$o-$pE0.00$q-$rl$ss $t4$u0$v0$w0$x0$y.i10050577$z31-05-02 945 $aLE026 004.11 FOX 01.01 V.II C.3 1990 $cV.II - C.3$g0$i2026000005744$lle026$mTesto collocato sopra gli scaffali della SEZIONE-INFORMATICA$o-$pE0.00$q-$rl$ss $t0$u0$v0$w0$x0$y.i10050589$z31-05-02 996 $aSolving problems on concurrent processors$9192705 997 $aUNISALENTO 998 $ale026$b01-01-94$cm$da $e-$feng$gus $h0$i7 LEADER 00833nam0-2200253 --450 001 9910633094603321 005 20250509122756.0 100 $a20221221d1968----kmuy0itay5050 ba 101 0 $afre 102 $aDE 105 $a 001yy 200 1 $aBauhaus$e1919-1969$eMusée national d'art moderne, Musée d'art moderne de la ville de Paris, 2 avril - 22 juin 1969$f[rédaction du Catalogue Wulf Herzogenrath] 210 $aStuttgart$cWurttembergischer kunstverein$d1968 215 $a361 p.$cill.$d23 x 23 cm 300 $aCatalogo della mostra di Parigi nel 1969 610 0 $aBauhaus$aEsposizioni$a1969 702 1$aHerzogenrath,$bWulf 801 0$aIT$bUNINA$gREICAT$2UNIMARC 901 $aBK 912 $a9910633094603321 952 $aB 456 CAN$b681$fDARPU 959 $aDARPU 996 $aBauhaus$9324127 997 $aUNINA